|
|
|
|
| LEADER |
00000nab a2200000 a 4500 |
| 001 |
vtls000548603 |
| 003 |
SK-MaSNL |
| 005 |
20260426100912.0 |
| 008 |
250425c1995 xo 0 slo |
| 015 |
|
|
|a SNBRB19rr/mm-uuuuu
|
| 035 |
|
|
|a CL0548741
|
| 035 |
|
|
|a urn:nbn:sk:snk-abf2jh
|
| 035 |
|
|
|a (urnnbn)urn:nbn:sk:snk:ar-005ajm
|
| 035 |
|
|
|a (uuid)bac92bc9-6558-44e2-8844-eb962295176d
|
| 040 |
|
|
|a SNKBUCL
|b slo
|c SNKBUCL
|e AACR2
|
| 041 |
0 |
|
|a slo
|
| 044 |
|
|
|a xo
|c SK
|
| 080 |
|
|
|a 630(437.6)(091)
|2 1981
|
| 080 |
|
|
|a 674(437.6)(091)
|2 1981
|
| 080 |
|
|
|a 630 83/ 86
|2 1981
|
| 100 |
1 |
|
|a Hrivňák, Štefan
|4 aut
|9 275873
|
| 245 |
1 |
0 |
|a Lesné a drevárske hospodárstvo na Slovensku po roku 1940
|c Štefan Hrivňák
|
| 300 |
|
|
|b Tab. 1, lit. 3 zázn. v češ., slov.
|
| 650 |
0 |
7 |
|a lesníctvo
|2 snkbucl
|9 1255
|
| 650 |
0 |
7 |
|a drevárstvo
|2 snkbucl
|9 1116
|
| 651 |
|
7 |
|a Slovensko
|2 snkbucl
|9 14231
|
| 655 |
|
7 |
|a články z novín a časopisov
|2 snkbucl
|9 267496
|
| 773 |
0 |
|
|t Drevo
|g Roč. 50, č. 4 (1995), s. 84-87
|x 0012-6144
|
| 850 |
|
|
|a Slovenská národná knižnica
|
| 852 |
|
|
|a Slovenská národná knižnica
|
| 954 |
|
|
|a odborná, vedecká literatúra pôvodná (slovenská)
|2 lita
|
| 958 |
|
|
|a article27
|
| 958 |
|
|
|a RK
|
| 958 |
|
|
|a OND
|
| 958 |
|
|
|a EUIPO
|
| 992 |
|
|
|a RBX
|
| 999 |
|
|
|c 3211626
|d 3213556
|